Представление документа в формате RUSMARC

ПолеНазваниеЗначение
  Тип записи a
  Библиографический уровень m
001 Контрольный номер 61ac671c9656440a9ee3aacce71131c9
005 Дата корректировки 20140528134218.0
010 Индекс ISBN __
a ISBN 978-5-238-01657-3
101 Язык документа 0_
a Язык текста rus
102 Страна публикации __
a Страна публикации RU
200 Заглавие и сведения об ответственности 1_
a Заглавие Введение в специальность. Реклама
e Сведения, относящиеся к заглавию учеб. пособие для вузов
f Первые сведения об ответственности С. С. Марочкина, Л. М. Дмитриева, Е. В. Азарова ; ред. Л. М. Дмитриева
210 Выходные данные 1_
c Издательство ЮНИТИ
a Место издания М.
d Дата издания 2009
215 Физическое описание __
a Объем 229, [1] с.
225 Серия 2_
a Серия Азбука рекламы
610 Ключевые слова 0_
a Ключевые слова реклама
a Ключевые слова история рекламы
a Ключевые слова рекламный бизнес
a Ключевые слова рекламисты мира
a Ключевые слова Россия
a Ключевые слова рекламное дело
a Ключевые слова технологии
a Ключевые слова законодательство
a Ключевые слова учебное пособие
a Ключевые слова гриф УМО
686 Индексы других классификаций __
a Классификационный индекс 65.050.9(2)28я73
2 Код системы rubbk
700 Автор _1
a Фамилия Марочкина
b Имя С. С.
g Полное личное имя Светлана Станиславовна
701 Альтернативная интеллектуальная ответственность _1
a Фамилия Дмитриева
b Имя Л. М.
g Полное личное имя Лариса Михайловна
701 Альтернативная интеллектуальная ответственность _1
a Фамилия Азарова
b Имя Е. В.
g Полное личное имя Елена Викторовна
702 Вторичная интеллектуальная ответственность _1
a Фамилия Дмитриева
b Имя Л. М.
4 Код отношения 340
801 Источник записи _0
a Страна RU
b Организация РУК
c Дата составления 20110518
g Правила каталогизации PSBO
801 Источник записи _1
a Страна RU
b Организация РУК
c Дата составления 20110518
g Правила каталогизации PSBO
852 Данные о местонахождении __
i Авторский знак М 28
j Шифр хранения ББК 65.050
901 Тип документа __
t Тип документа m
938 Служебная информация __
a Название организации Головной вуз
b Имя БД BOOK
c Название АИБС АИБС ИРБИС
952 Тип литературы __
b Гриф литературы для ВШ гриф УМО
c Вид литературы учебное пособие